Score 0/15 Timer 04:00
7 Plays Today
Question Answer % Correct
The white pieces always move first in this board game, which generally ends in a checkmate?Chess
97.7%
In 1937, Snow White became the first princess of which company?Disney
96.3%
Chardonnay and Riesling are white varieties of which beverage?Wine
94.9%
In war, what does a white flag represent?Truce
94.3%
What female literary character followed the white rabbit?Alice
91.7%
A white elephant is a gift exchange game often played around this holiday?Christmas
85.9%
Bryan Cranston portrayed protagonist Walter White on which AMC drama?Breaking Bad
82.1%
A white dwarf is the stellar remnant of what type of astronomical object?Star
78.1%
Question Answer % Correct
In which British town will you find the famed 'White Cliffs'?Dover
74%
'Blanc,' 'blanco,' and 'bianco' are translations of 'white' in what language group?Romance
70.4%
'White Wedding' & 'Rebel Yell' are songs by which English musician?Billy Idol
59.1%
The Chicago White Sox are members of which MLB league?American
58.1%
The White Army unsuccessfully fought the Bolsheviks during what conflict?Russian Revolution
54.2%
In taoism, what does white represent?Yang
21.1%
Mrs. White was portrayed by which comedic actress in the 1985 film, 'Clue'?Madeline Kahn
13.4%
Remove Ads.
Support Sporcle.
Get the best of Sporcle when you Go Orange. This ad-free experience offers more features, more stats, and more fun while also helping to support Sporcle. Thank you for becoming a member.

You're not logged in!

Compare scores with friends on all Sporcle quizzes.
OR
Log In

Show Comments

Extras

Top Quizzes Today


Score Distribution

Your Account Isn't Verified!

In order to create a playlist on Sporcle, you need to verify the email address you used during registration. Go to your Sporcle Settings to finish the process.

Report this User

Report this user for behavior that violates our Community Guidelines.

Details: